A szalamiszi csata

Elmentve itt :
Bibliográfiai részletek
Szerző: Szabó Kornél
További közreműködők: Illés Imre Áron (Témavezető)
Dokumentumtípus: Szakdolgozat
Megjelent: 2018
Tárgyszavak:
Online Access:http://diploma.bibl.u-szeged.hu/70256
LEADER 00604nta a2200169 i 4500
001 dipl70256
005 20180726095120.0
008 180726s2018 hu om 0|| zxx d
040 |a SZTE Diploma Repozitórium  |b hun 
041 |a zxx 
100 1 |a Szabó Kornél 
245 1 2 |a A szalamiszi csata  |h [elektronikus dokumentum] /  |c Kornél Szabó 
246 1 0 |a The Battle of Salamis  |h [elektronikus dokumentum] 
260 |c 2018 
650 4 |a Bölcsészettudományok 
700 1 |a Illés Imre Áron  |e ths 
856 4 0 |u http://diploma.bibl.u-szeged.hu/id/eprint/70256/1/2017_Szab%C3%B3_Korn%C3%A9l_BRKCZ8_SZ.pdf  |z Dokumentum-elérés